000 00837nam a2200265 a 4500
001 000048258
003 DO-SdBNP
005 20220901100756.0
007 ta
008 181210s2015 pr r 000 0 spa d
020 _a9789945581539
040 _aDO-SdBNP
_bspa
_cBNPHU
082 4 _aPR863.44
_bL925m
_222
100 1 _aLozada Pérez, Hiram,
_d1951-
_954515
245 1 4 _aLos muertos se visten de blanco /
_cHiram Lozada Pérez
260 _aSan Juan, Puerto Rico :
_bIsla Negra,
_c2015.
300 _a122 p. ;
_c22 cm.
490 1 _aLa montaña de papel
500 _aIncluye datos biográficos del autor en la solapa de la cubierta
590 _aInventariado, 2019/BT
650 4 _aNovela puertorriqueña
_91185
650 4 _aLiteratura puertorriqueña
910 _aValidado. Control de calidad MFF
942 _2ddc
_cLBS1
999 _c47746
_d47746